| Поле | Инд. | ПП | Название | Значение |
|---|---|---|---|---|
| Тип записи | a | |||
| Библиографический уровень | b | |||
| 001 | Контрольный номер | RU/IS/BASE/141315481 | ||
| 005 | Дата корректировки | 20200529180119.7 | ||
| 084 | a | Индекс другой классификации/Индекс ББК | 60.027.2; 66.01; 66.02 | |
| 100 | 1_ | a | Автор | Дибиров А.-Н. З. |
| 245 | a | Заглавие | О природе политической власти | |
| 504 | a | Библиография | Библиогр. ссылки. - Примеч. | |
| 650 | a | Основная рубрика | политика | |
| a | Основная рубрика | политическая философия (философия политики) | ||
| a | Основная рубрика | политология | ||
| a | Основная рубрика | социальная философия | ||
| a | Основная рубрика | философия | ||
| 653 | a | Ключевые слова | властные отношения | |
| a | Ключевые слова | власть | ||
| a | Ключевые слова | власть вещей | ||
| a | Ключевые слова | власть идей | ||
| a | Ключевые слова | власть людей | ||
| a | Ключевые слова | государственная власть | ||
| a | Ключевые слова | государство | ||
| a | Ключевые слова | легитимность власти | ||
| a | Ключевые слова | общественные отношения | ||
| a | Ключевые слова | политическая власть | ||
| a | Ключевые слова | природная власть | ||
| a | Ключевые слова | субъект власти | ||
| a | Ключевые слова | харизма | ||
| 700 | a | Автор | Пронский Л. М. | |
| 773 | t | Заглавие источника | Вестник Московского университета. Серия 18, Социология и политология | |
| d | Дата издания источника | 2002 | ||
| g | Прочая информация | № 2. - С. 48 - 60 | ||
| w | Контрольный № источника | RU/IS/BASE/148577961 | ||
| 901 | t | Тип документа | b |